Безопасность жизнедеятельности: учебное пособие

Podrobná bibliografie
Hlavní autor: Зайцев Ю. В. Юрий Васильевич
Shrnutí:В учебном пособии изложены основные идеи и концепции безопасности жизнедеятельности. Описаны опасные и вредные факторы среды обитания человека, даны основные сведения по организационно-правовым и техническим вопросам безопасности жизнедеятельности, воздействию на организм человека и среду его обитания негативных факторов природного и техногенного характера, рассмотрена защита от них и их нормирование. Освещены вопросы защиты от опасностей при чрезвычайных ситуациях, с учётом технического регламента изложены основы пожарной безопасности. Соответствует федеральному государственному образовательному стандарту высшего образования третьего поколения. Учебное пособие предназначено для студентов вузов, обучающихся по направлениям: «Безопасность жизнедеятельности», «Информатика и вычислительная техника», «Радиотехника», «Инфокоммуни-кационные технологии и системы связи», «Конструирование и технология электронных средств», «Электроника и наноэлектроника», «Приборостроение», «Автоматизация технологических процессов и производств». Может быть использовано студентами вузов других направлений при изучении отдельных разделов дисциплины «Безопасность жизнедеятельности ».
Jazyk:ruština
Vydáno: Старый Оскол, ТНТ, 2014
Témata:
Médium: MixedMaterials Kniha
KOHA link:https://koha.lib.tpu.ru/cgi-bin/koha/opac-detail.pl?biblionumber=262163

MARC

LEADER 00000nam0a2200000 4500
001 262163
005 20231101233628.0
010 |a 9785941784233 
035 |a (RuTPU)RU\TPU\book\285145 
090 |a 262163 
100 |a 20140530d2014 m y0rusy50 ca 
101 0 |a rus 
102 |a RU 
105 |a a j 001zy 
200 1 |a Безопасность жизнедеятельности  |e учебное пособие  |f Ю. В. Зайцев 
210 |a Старый Оскол  |c ТНТ  |d 2014 
215 |a 276 с.  |c ил. 
320 |a Библиогр.: с. 272-274. 
330 |a В учебном пособии изложены основные идеи и концепции безопасности жизнедеятельности. Описаны опасные и вредные факторы среды обитания человека, даны основные сведения по организационно-правовым и техническим вопросам безопасности жизнедеятельности, воздействию на организм человека и среду его обитания негативных факторов природного и техногенного характера, рассмотрена защита от них и их нормирование. Освещены вопросы защиты от опасностей при чрезвычайных ситуациях, с учётом технического регламента изложены основы пожарной безопасности. Соответствует федеральному государственному образовательному стандарту высшего образования третьего поколения. Учебное пособие предназначено для студентов вузов, обучающихся по направлениям: «Безопасность жизнедеятельности», «Информатика и вычислительная техника», «Радиотехника», «Инфокоммуни-кационные технологии и системы связи», «Конструирование и технология электронных средств», «Электроника и наноэлектроника», «Приборостроение», «Автоматизация технологических процессов и производств». Может быть использовано студентами вузов других направлений при изучении отдельных разделов дисциплины «Безопасность жизнедеятельности ». 
606 1 |a Безопасность жизнедеятельности  |2 stltpush  |3 (RuTPU)RU\TPU\subj\27856  |9 51540 
610 1 |a управление 
610 1 |a труд 
610 1 |a физиология 
610 1 |a чрезвычайные ситуации 
610 1 |a охрана труда 
610 1 |a государственный надзор 
610 1 |a общественный контроль 
610 1 |a трудовая деятельность 
610 1 |a энергозатраты 
610 1 |a условия труда 
610 1 |a вредность 
610 1 |a опасность 
610 1 |a микроклимат 
610 1 |a освещение 
610 1 |a опасные факторы 
610 1 |a вредные факторы 
610 1 |a защита 
610 1 |a электрический ток 
610 1 |a электромагнитные поля 
610 1 |a лазерное излучение 
610 1 |a вибрация 
610 1 |a акустические колебания 
610 1 |a вредные вещества 
610 1 |a пожарная безопасность 
610 1 |a учебные пособия 
675 |a 614.8(075.8)  |v 3 
700 1 |a Зайцев  |b Ю. В.  |g Юрий Васильевич 
801 1 |a RU  |b 63413507  |c 20140530 
801 2 |a RU  |b 63413507  |c 20150527  |g RCR 
942 |c BK 
959 |a 94/20140530  |d 5  |e 370,00  |f ЧЗТЛ:1  |f АНЛ:1  |f УФ:3